Quizzes
Events
Quiz Creation
Community
Videos
Private Events
Remove Ads
Sign In
Join for FREE
Feedback
Dark Mode
Quiz Categories
Sports
Geography
Music
Movies
Television
Just For Fun
Miscellaneous
History
Literature
Language
Science
Gaming
Entertainment
Religion
Holiday
For Kids
Quiz Lab
Recent
Popular Today
Quiz Kudos Today
Editor Picks
Curator Picks
Quizzes by...
Day
Popularity
Type
Ratings
Length
Year
Community
Subscriptions
Recent Discussions
Orange Saloon
Badges
Playlists
Quests
Create
Leaderboards
Showdown
Live 5
Trivia Bingo
Activity
Puzzle Library
Sporcle Events
Private Events
Virtual Trivia
Globe League
Become a Host
Pub Owners
SporcleCon
Opinionation
Our Games
Videos
Blog
Mobile Apps
Partnerships
Remove Ads and Go Orange
Feedback
Geography
Country
Landmarks
City
State
Population
World
Capital
Continent
Flags
Europe
Africa
Asia
South America
North America
Oceania
Border
Canada
United Kingdom
Topography
United States
Geography
Country
Landmarks
City
State
Population
World
Capital
Continent
Flags
Europe
Africa
Asia
South America
North America
Oceania
Border
Canada
United Kingdom
Topography
United States
Random Quiz
Search Sporcle
×
Quiz Lab
Quiz Lab
Geography
War
Type in answers that appear in a list
Type in answers that appear in a list
Classic
Best Score? Go Orange.
☾ ✖ Progressive Geography Minefields Quiz! ✖ ☽ Stats
Can you name the countries without setting of a minefield?
By
RastaSlapper
10m
81 Questions
10.3K Plays
10,271 Plays
10,271 Plays
Comments
Comments
Give Quiz Kudos
Give Quiz Kudos
-
- Ratings
hide this ad
More Info
Minefield
Wrong answers will end the quiz
Wrong answers will end the quiz
Wrong Answers
Some wrong answers will appear in red
Some wrong answers will appear in red
Replay
Link that replays current quiz
Next Quiz
Link to next quiz in quiz playlist
You Got
0%
They Got
Avg Score
14%
Avg Friend Score
Upgrade to see
Score Distribution
Jump to the score distribution portion of the page
Score
0/81
Timer
10:00
0
Plays Today
Hint
Country
% Correct
Non-
UN Members (3)
???
67.7%
Non-
UN Members (3)
???
49.8%
Non-
UN Members (3)
???
48%
Country by Highest Point (4)
???
42.1%
**READ**
???
35.1%
*READ*
???
35.1%
**READ**
???
35.1%
Country by Highest Point (4)
???
34.1%
Non-
UN Members (3)
???
31.8%
Non-
UN Members (3)
???
31.8%
Non-
UN Members (3)
???
31.8%
***Answers***
???
31.8%
Non-
UN Members (3)
???
31.8%
Country by Highest Point (4)
???
31.2%
Largest Number of Troops (5)
???
26.9%
Largest Number of Troops (5)
???
25.9%
Country by Highest Point (4)
???
25.2%
Largest Number of Troops (5)
???
20.5%
Largest Number of Troops (5)
???
20.2%
Country by Highest Point (4)
???
18.8%
Country by Highest Point (4)
???
18.8%
Country by Highest Point (4)
???
18.8%
Country by Highest Point (4)
???
18.8%
Country by Highest Point (4)
???
18.8%
***Answers***
???
18.8%
Countries by Largest Area (6)
???
16.4%
Largest Number of Troops (5)
???
15.9%
Hint
Country
% Correct
Countries by Largest Area (6)
???
15.1%
Countries by Largest Area (6)
???
14.6%
Countries by Largest Area (6)
???
12.2%
Active Death Penalty (8)
???
11.7%
Formerly Communist (7)
???
11.7%
Formerly Communist (7)
???
11.7%
Formerly Communist (7)
???
11.4%
Countries by Largest Area (6)
???
11.4%
Formerly Communist (7)
???
11.1%
Formerly Communist (7)
???
10.9%
Countries by Largest Area (6)
???
10.4%
Largest Number of Troops (5)
???
10.1%
Largest Number of Troops (5)
???
10.1%
Largest Number of Troops (5)
???
10.1%
Largest Number of Troops (5)
???
10.1%
Largest Number of Troops (5)
???
10.1%
***Answers***
???
10.1%
Largest Number of Troops (5)
???
10.1%
Formerly Communist (7)
???
9.2%
Active Death Penalty (8)
???
7.2%
Countries by Largest Area (6)
???
6%
Countries by Largest Area (6)
???
6%
Countries by Largest Area (6)
???
6%
Countries by Largest Area (6)
???
6%
Countries by Largest Area (6)
???
6%
Countries by Largest Area (6)
???
6%
Countries by Largest Area (6)
???
6%
Hint
Country
% Correct
***Answers***
???
6%
Formerly Communist (7)
???
5.8%
Active Death Penalty (8)
???
5.8%
Active Death Penalty (8)
???
5.7%
Active Death Penalty (8)
???
5.4%
Active Death Penalty (8)
???
4.3%
Formerly Communist (7)
???
4.1%
Formerly Communist (7)
???
4.1%
Formerly Communist (7)
???
4.1%
Formerly Communist (7)
???
4.1%
Formerly Communist (7)
???
4.1%
Formerly Communist (7)
???
4.1%
Formerly Communist (7)
???
4.1%
Formerly Communist (7)
???
4.1%
***Answers***
???
4.1%
Active Death Penalty (8)
???
3.5%
Active Death Penalty (8)
???
3.3%
Active Death Penalty (8)
???
1.3%
Active Death Penalty (8)
???
1.3%
Active Death Penalty (8)
???
1.3%
Active Death Penalty (8)
???
1.3%
Active Death Penalty (8)
???
1.3%
Active Death Penalty (8)
???
1.3%
Active Death Penalty (8)
???
1.3%
Active Death Penalty (8)
???
1.3%
Active Death Penalty (8)
???
1.3%
***Answers***
???
1.3%
Quiz Playlist
Details
Report
Send in Message
Add To Playlist
More Info:
Name the correct country based on the clues given, be careful and don't name an incorrect country because that will end the quiz!
Classic:
Type in answers that appear in a list
Minefield:
Wrong answers will end the quiz
Wrong Answers:
Some wrong answers will appear in red
Quiz Source
Last Updated: Feb 16, 2017
Quiz Scoreboard
CHALLENGE
Sign Up to Join the Scoreboard
Show All
Scores
Hide
Comments
May contain spoilers
Recently Published
NBA Finals Game Top Scorers (2010s)
by flibbidy
Sports
5m
Guess the 'R' Things in 3 Words
by MSUKent
Miscellaneous
3m
Actor to Badly Drawn Movie III
by MoMosMoProblems
Movies
5m
More to Explore
Quiz From the Vault
Featured Blog Post
Where Does Lost Luggage Go?
hide this ad
You Might Also Like...
Tags
Country Quiz
Minefield Quiz
War Quiz
2008
Army
biggest
communist
highest
Military
name
Tallest Mountains
Today's Top Quizzes in Geography
Browse Geography
hide this ad
Today's Top Quizzes in War
Browse War
Top Contributed Quizzes in Geography
1
Countries of the World - No Outlines Minefield
2
Find the Landmarks A-Z
3
Lietuvos savivaldybės (Lithuanian Municipalities)
4
Blind Ultimate Minefield: World
5
Ultimate Geography Challenge 'A'
6
Find the US States - No Outlines
7
3, 2, 1 or 0: Land Borders
8
Complete the Map Snippet (Minefield) IX
9
Nickname Match: U.S. States
10
Complete the Map Snippet (Minefield) X
Explore More
Trending Topics
Kpop
Disney
Anime
Crossword
Marvel
NBA
Harry Potter
NFL
Puzzle
The Office
Song
Pokémon
WWE
Soccer
Country
hide this ad
More By:
RastaSlapper
Quiz
Plays
Rating
Category
Featured
Created
☾ ✖ Progressive Geography Minefields Quiz! ✖ ☽
10,271
3.16
Geography
Jan 28, 2012
Popular Clothing Logos
5,017
2.43
Entertainment
Sep 24, 2011
What is the Only Country That Has...
2,435
2.98
Geography
Sep 18, 2011
☾ ✖ Progressive History Minefields Quiz! ✖ ☽
1,889
3.19
History
Jan 23, 2012
General Trivia vol. 1
1,202
1.62
Miscellaneous
Nov 20, 2012
Go to Creator's Profile
Score Distribution
Quiz Creator Spotlight
RastaSlapper
Follow
Send a Message
Quizzes Created
-
Created Quiz Play Count
-
More By This Creator
Popular Quizzes Today
1
Find the US States - No Outlines Minefield
2
Find the US States
3
The Countries of the World
4
10 Largest US States in Order
5
Find the Countries of Europe - No Outlines Minefield
6
US States
7
Guess the 'R' Things in 3 Words
8
NBA Finals Game Top Scorers (2010s)
More Geography Quizzes
100 Biggest Cities in Africa
Quiz Lab
Trending Quizzes
First Name TV: Leading Men
First Name TV: Leading Women Drama
Match the Book to the Film II
Pick A Pair: Religious TV
Match the Book to the Film VI
Recently Updated
Women's Final Four Teams by Year
bhenderson79
Presidents Quartet II
eogle
Anything But Clue(do)
eogle
Anything But Oceanian Capitals
eogle
Anything But 7
eogle
Anything But Thing
eogle
Word Ladder: February 29
pecheneg
Song Title Questions
pecheneg
Women's NCAA Tournament #1 Seeds
pecheneg
Celebrity Mug Shots
pecheneg
Trending Topics
Kpop
NBA
Crossword
Marvel
Anime
Disney
Harry Potter
The Office
Soccer
Song
Puzzle
Pokémon
Country
NFL
WWE
Your Account Isn't Verified!
In order to create a playlist on Sporcle, you need to verify the email address you used during registration. Go to your
Sporcle Settings
to finish the process.
Report this User
Report this user for behavior that violates our
Community Guidelines
.
Details:
Send Report
Go to the Sporcle.com Mobile Site →
Comments